00274nam a2200121Ia 4500008004100000100001600041245002900057260002400086300000800110650001000118942000700128999001700135190216s9999||||xx |||||||||||||| ||und|| aNirmal Gupt 0aHindi-Ramachandra Shukal bNational Book Stall a116 aHindi cBK c16322d16322